000 01078nam a2200301I 4500
001 43171
005 20230411085956.0
008 070206s1960 mx b 000 0 spa c
035 _a(OCoLC)ocm82143890
040 _aMXADN
_cMXADN
020 _a9681608135
020 _a9789681608132
035 _a(OCoLC)82143890
090 _aHX39.5
_b.M741 m1960
049 _aGRAL
100 1 _aMondolfo, Rodolfo,
_d1877-1976.
245 1 0 _aMarx y marxismo;
_bestudios histórico-críticos.
246 0 0 _aestudios históricos-críticos.
250 _a1a. ed.
260 _aMéxico,
_bFondo de Cultura Económica,
_c1960
300 _a246 p.
_c22 cm.
505 8 _aCap. 1. Feuerbach y March.-- Cap. 2. Gérmenes en bruno, bacony spinoza del concepto marxista de la historia.-- Cap. 3. Marx y Mazzini.-- Cap. 4. La dialéctica en Engels.-- Cap. 5. En torno a Gramsci y la filosofía de la praxis.-- Cap. 6. El problema histórico de hilferding.
600 1 0 _aHistoria -
_xfilosofía.
650 4 _aMarxismo.
942 _2lcc
_cbk
946 _aclperez
994 _aC0
_bDRFGD
999 _c110335
_d110335